LEADER 00798nas a2200169 i 4500 001 000000020977 003 CaOOAMICUS 005 20180830125445.0 008 180830s1934 fr u0 und u 040 $aSeMil$bita 245 10$aNouvelle encyclopédie philosophique /$ccoll. fondée par Henri Delacroix ; dirigée par Émile Bréhier. 260 $aParis :$bF. Alcan :$b[poi]... Paris : Presses Universitaires de France,$c1934. 300 $av. ;$c18 cm. 700 1 $aBréhier, Émile <1876-1952>.$0(OLS)http://semarc/name/729 700 1 $aDelacroix, Henri <1873-1937>.$0(OLS)http://semarc/name/9388 996 $6245$aNouvelle encyclopédie philosophique$9(OLS)http://semarc/title/27715 996 $6260$aParis :$bF. Alcan :$b[poi]... Paris : Presses Universitaires de France$9(OLS)http://semarc/publisher/35423 LEADER 00911nam a2200217 i 4500 001 000000186566 003 CaOOAMICUS 005 20160408000000.0 008 160408s1971 it u000 u mul u 013 $a164615 040 $aSeMil$bita 100 1 $aSpadafora, Francesco <1913-1997>.$0(OLS)http://semarc/name/68491 245 12$aL'Eucarestia nella Sacra Scrittura /$cFrancesco Spadafora. 260 $aRovigo :$bIstituto padano di arti grafiche,$c1971. 300 $a242 p. ;$c22 cm. 650 4$aEucaristia - Concezione biblica.$0(OLS)http://semarc/subject/7648 850 $aSeMil 852 $aSeMil$W1$xVenegono$y1$m2V III 275$j137253$B137253$CSeMilBibl$Z2$F211219 $81 961 $aLascito: Ghetti mons. Andrea <1912-1980> 996 $6245$aL'Eucarestia nella Sacra Scrittura$9(OLS)http://semarc/title/268226 996 $6260$aRovigo :$bIstituto padano di arti grafiche$9(OLS)http://semarc/publisher/30752